Hongkong - quiz wielokrotnego wyboru - Statystyki

Ogólne statystyki
  • Ten quiz został rozwiązany 540 razy
  • Średni wynik to 5 z 10
Statystyki odpowiedzi
Zagadnienie Odpowiedź % Poprawnych
W którym roku Hongkong wrócił pod panowanie Chin? 1997
65%
Które miasto, określane często mianem Chińskiej Doliny Krzemowej, leży na południe od granicy miasta? Shenzhen
64%
Kto zmarł tu w niewyjaśnionych okolicznościach w 1973 roku? Bruce Lee
63%
Który konflikt skutkował włączeniem Hongkongu do brytyjskich kolonii? Wojny opiumowe
62%
Jaka jest waluta Hongkongu? Dolar Hongkongu
61%
Które z poniższych zdjęć przedstawia panoramę miasta?
59%
Który język jest najczęściej używany w Hongkongu? Kantoński
48%
Jakie jest najwyższe wzniesienie na wyspie Hongkong? Wzgórze Wiktorii
40%
Która rzeka wpada do Morza Południowochińskiego nieopodal Hongkongu? Rzeka Perłowa
33%
Który półwysep położony jest na północ od miasta i stanowi ważny ośrodek handlowy i finansowy? Koulun
31%
Nie znaleziono quizów pasujących do podanych kryteriów
Rozkład punktacji
Procent ludzi z każdym wynikiem
Percentyl według liczby udzielonych odpowiedzi
Twoja historia wyników
Nie rozwiązałeś tego quizu